[Event "Chelmza op-A"]
[Site "Chelmza"]
[Date "2009.06.24"]
[Round "6"]
[White "Kobus, Sebastian"]
[Black "Sosnowski, Daniel Konrad"]
[Result "1-0"]
[WhiteElo "2035"]
[BlackElo "1972"]
[PlyCount "79"]
[EventDate "2009.06.20"]
[EventType "swiss"]
[EventRounds "9"]
[EventCountry "POL"]
[SourceTitle "EXT 2012"]
[Source "ChessBase"]
[SourceDate "2011.11.24"]
[SourceVersion "1"]
[SourceVersionDate "2011.11.24"]
[SourceQuality "1"]

1. e4 d6 2. d4 g6 3. Nf3 Bg7 4. g3 Nf6 5. Nc3 Nbd7 6. Bg2 0-0 7. 0-0 e5 8. dxe5 Nxe5 9. Nxe5 dxe5 10. Qe2 c6 11. Be3 Qc7 12. Rad1 b6 13. h3 a5 14. Rfe1 Ba6 15. Qd2 Rad8 16. Qc1 b5 17. Bc5 Rfe8 18. Qe3 Qc8 19. Rxd8 Rxd8 20. Bb6 Rd6 21. Bxa5 Nd7 22. Bf1 Bb7 23. b4 f5 24. a4 bxa4 25. Nxa4 Rd4 26. Qb3+ Kh8 27. Nb6 Qf8 28. c3 Rd6 29. Rd1 Nf6 30. exf5 gxf5 31. Rxd6 Qxd6 32. Qf7 Qb8 33. Na4 e4 34. Nc5 Bc8 35. Bc7 Qa7 36. Qe7 Bd7 37. Qd8+ Be8 38. Qe7 Bg6 39. Ne6 Ne8 40. Nxg7 1-0

[Event "Gniezno-ch Final-A"]
[Site "Gniezno"]
[Date "2008.11.10"]
[Round "9"]
[White "Sosnowski, Daniel Konrad"]
[Black "Balinski, Damian"]
[Result "0-1"]
[WhiteElo "1963"]
[BlackElo "1997"]
[PlyCount "90"]
[EventDate "2008.11.07"]
[EventType "swiss"]
[EventRounds "9"]
[EventCountry "POL"]
[SourceTitle "EXT 2023"]
[Source "ChessBase"]
[SourceDate "2022.10.05"]
[SourceVersion "1"]
[SourceVersionDate "2022.10.05"]
[SourceQuality "1"]

1. e4 d5 2. exd5 Nf6 3. d4 Nxd5 4. c4 Nb6 5. Be3 g6 6. Nc3 Bg7 7. Be2 0-0 8. Nf3 Nc6 9. 0-0 Bg4 10. d5 Bxf3 11. Bxf3 Ne5 12. Bxb6 axb6 13. Be2 Re8 14. Qc2 e6 15. Rfd1 Qh4 16. Na4 Re7 17. d6 cxd6 18. Rxd6 Nc6 19. g3 Qg5 20. a3 h5 21. h4 Qe5 22. Rd2 Bh6 23. Rd3 Nb4 24. Qb3 Nxd3 25. Qxd3 Ree8 26. Nc3 Rad8 27. Qf3 Re7 28. Re1 Red7 29. Ne4 f5 30. Ng5 Bxg5 31. hxg5 Qe4 32. Qc3 Qd4 33. Qb3 Qd2 34. Kf1 Qd6 35. c5 bxc5 36. Bc4 Kh7 37. Rxe6 Qd1+ 38. Re1 Qxb3 39. Bxb3 Rc7 40. Bc4 Rd4 41. Be2 f4 42. g4 h4 43. Kg2 Re7 44. Kf3 Rd2 45. b3 h3 0-1

[Event "Gniezno-ch Final-A"]
[Site "Gniezno"]
[Date "2008.11.09"]
[Round "6"]
[White "Sosnowski, Daniel Konrad"]
[Black "Nowak, Rafal"]
[Result "0-1"]
[WhiteElo "1963"]
[BlackElo "2024"]
[PlyCount "110"]
[EventDate "2008.11.07"]
[EventType "swiss"]
[EventRounds "9"]
[EventCountry "POL"]
[SourceTitle "EXT 2023"]
[Source "ChessBase"]
[SourceDate "2022.10.05"]
[SourceVersion "1"]
[SourceVersionDate "2022.10.05"]
[SourceQuality "1"]

1. e4 c5 2. Nf3 e6 3. b3 Nc6 4. Bb2 d6 5. d4 cxd4 6. Nxd4 Qb6 7. Be2 Nf6 8. Bf3 Bd7 9. 0-0 Ne5 10. c4 Nxc4 11. Bc1 Ne5 12. Be3 Qa5 13. Nd2 Be7 14. Be2 h5 15. h3 Rc8 16. f4 Qc3 17. Bf2 Nd3 18. Bxd3 Qxd3 19. e5 dxe5 20. fxe5 Nd5 21. Qe1 Bb4 22. N4f3 Rc2 23. Qe4 Qxe4 24. Nxe4 0-0 25. Nd4 Rc7 26. a3 Be7 27. b4 Rfc8 28. Rad1 Ba4 29. Rd3 Rc1 30. Rxc1 Rxc1+ 31. Kh2 b6 32. Kg3 Bd8 33. Nd6 Bg5 34. Rf3 Bd1 35. Rxf7 h4+ 36. Kh2 Bf4+ 37. Rxf4 Nxf4 38. Be3 Rc3 39. Bxf4 Bb3 40. N6b5 Rd3 41. Nf3 a6 42. Nc7 a5 43. bxa5 bxa5 44. Bd2 a4 45. Bb4 Bc4 46. Nxh4 Kf7 47. Nf3 Kg6 48. Nd2 Bb3 49. Na6 Bc2 50. Nc5 Re3 51. Nxe6 Rxe5 52. Nc5 Rd5 53. Nc4 Rd4 54. Nb2 Rxb4 55. Nbxa4 Rc4 0-1

[Event "Kowalewo Pomorskie op"]
[Site "Kowalewo Pomorskie"]
[Date "2008.07.09"]
[Round "7"]
[White "Sosnowski, Daniel Konrad"]
[Black "Flazinski, Jozef"]
[Result "1/2-1/2"]
[WhiteElo "1959"]
[BlackElo "2036"]
[PlyCount "96"]
[EventDate "2008.07.04"]
[EventType "swiss"]
[EventRounds "9"]
[EventCountry "POL"]
[SourceTitle "CBM 125 Extra"]
[Source "ChessBase"]
[SourceDate "2008.09.01"]
[SourceVersion "1"]
[SourceVersionDate "2008.09.01"]
[SourceQuality "1"]

1. e4 c5 2. Nf3 a6 3. a4 Nc6 4. d4 cxd4 5. c3 dxc3 6. Nxc3 e6 7. Bc4 Nf6 8. 0-0 Nxe4 9. Nxe4 d5 10. Qe2 dxe4 11. Rd1 Qb6 12. Qxe4 Bc5 13. Ng5 Bxf2+ 14. Kh1 f5 15. Qe2 0-0 16. Qh5 h6 17. Nxe6 Ne5 18. Nxf8+ Nxc4 19. Qe8 Nd6 20. Qe7 Bc5 21. Be3 Bxe3 22. Rxd6 Qxb2 23. Re1 Bc5 24. Ng6 Bxd6 25. Qxd6 Qf6 26. Qd5+ Kh7 27. Ne7 Qf8 28. h4 a5 29. h5 Ra6 30. Ng6 Rxg6 31. hxg6+ Kxg6 32. Rc1 Qf6 33. g3 Be6 34. Qxb7 Qe5 35. Qb6 Kh7 36. Qf2 Qe4+ 37. Kh2 Qxa4 38. Qb2 Qg4 39. Qe5 f4 40. gxf4 Qh3+ 41. Kg1 Qg3+ 42. Kf1 Bh3+ 43. Ke2 Qg2+ 44. Ke1 a4 45. Qe2 Qg1+ 46. Kd2 Qd4+ 47. Qd3+ Qxd3+ 48. Kxd3 Be6 1/2-1/2

[Event "Kowalewo Pomorskie op"]
[Site "Kowalewo Pomorskie"]
[Date "2008.07.05"]
[Round "2"]
[White "Zurkowski, Andrzej"]
[Black "Sosnowski, Daniel Konrad"]
[Result "1-0"]
[WhiteElo "2062"]
[BlackElo "1959"]
[PlyCount "143"]
[EventDate "2008.07.04"]
[EventType "swiss"]
[EventRounds "9"]
[EventCountry "POL"]
[SourceTitle "CBM 125 Extra"]
[Source "ChessBase"]
[SourceDate "2008.09.01"]
[SourceVersion "1"]
[SourceVersionDate "2008.09.01"]
[SourceQuality "1"]

1. d4 Nf6 2. c4 e6 3. Nc3 d5 4. Bg5 Nbd7 5. e3 c6 6. Nf3 Bb4 7. Nd2 0-0 8. cxd5 exd5 9. Bd3 h6 10. Bh4 Re8 11. 0-0 Nf8 12. Re1 Be7 13. Rc1 Ng6 14. Bg3 Bd6 15. Bxd6 Qxd6 16. f3 Bd7 17. Nb3 Rad8 18. e4 dxe4 19. Bxe4 Be6 20. Bxg6 fxg6 21. Ne2 Qb4 22. Nc5 Bc4 23. Nf4 Rxe1+ 24. Qxe1 Qxe1+ 25. Rxe1 Rxd4 26. Nxg6 b6 27. Ne7+ Kf8 28. Ng6+ Kg8 29. Ne7+ Kh7 30. Ne4 Nxe4 31. fxe4 c5 32. b3 Bd3 33. e5 Rd7 34. Nc8 Bg6 35. e6 Rc7 36. Nd6 Rc6 37. Rd1 Rc7 38. Kf2 Re7 39. Re1 Be8 40. Nf5 Rb7 41. e7 Rd7 42. Re6 Rc7 43. Ke3 Kg8 44. Nd6 Rc6 45. Ke4 Rxd6 46. Rxd6 Kf7 47. Ke5 Kxe7 48. Rd3 Bf7 49. Rg3 g6 50. Rf3 a5 51. Rf6 b5 52. Ra6 c4 53. bxc4 Bxc4 54. Rxa5 Kd7 55. a3 Kc7 56. Ra6 Bd3 57. Kd4 Bf5 58. Kc5 h5 59. Ra7+ Kb8 60. Kb6 Kc8 61. Kxb5 g5 62. Rg7 g4 63. Rg5 Bd7+ 64. Kb4 h4 65. a4 Be6 66. a5 Kb7 67. a6+ Ka7 68. Rg7+ Kb8 69. Kb5 h3 70. gxh3 gxh3 71. Kb6 Bc8 72. Rg8 1-0

[Event "POL-chT3 0607"]
[Site "Poland"]
[Date "2007.02.18"]
[Round "8.2"]
[White "Sosnowski, Daniel Konrad"]
[Black "Wojciechowski, Robert"]
[Result "0-1"]
[WhiteElo "2007"]
[BlackElo "1904"]
[PlyCount "114"]
[EventDate "2006.11.12"]
[EventType "team"]
[EventRounds "11"]
[EventCountry "POL"]
[SourceTitle "EXT 2009"]
[Source "ChessBase"]
[SourceDate "2008.11.26"]
[SourceVersion "1"]
[SourceVersionDate "2008.11.26"]
[SourceQuality "1"]

1. e4 c6 2. c4 d5 3. exd5 cxd5 4. d4 Nf6 5. Nc3 e6 6. Nf3 Nc6 7. Bd3 Be7 8. 0-0 0-0 9. a3 b6 10. Re1 Bb7 11. cxd5 Nxd5 12. Nxd5 Qxd5 13. Be4 Qh5 14. Qa4 b5 15. Qb3 Bf6 16. d5 exd5 17. Qxb5 Ne5 18. Nxe5 Bxe5 19. f4 dxe4 20. Qxb7 Bd4+ 21. Be3 Bxe3+ 22. Rxe3 Qc5 23. Rae1 f5 24. b4 Qd4 25. h4 Rac8 26. Kh2 Qd6 27. Rf1 Rc7 28. Qb5 Rc2 29. Rg3 Qh6 30. Qd5+ Kh8 31. Kh3 Rc6 32. Qe5 Qf6 33. Qa5 Qe7 34. Rd1 e3 35. Re1 e2 36. Rf3 Re6 37. g3 Qd7 38. b5 Rfe8 39. a4 Qd5 40. Qc3 Qd1 41. Rd3 Qxa4 42. Rd7 Rg6 43. Qe5 Rg8 44. Qxe2 Qb3 45. Qe3 Qxe3 46. Rxe3 Rb6 47. Re5 g6 48. h5 Rgb8 49. Rdd5 a5 50. bxa6 Rxa6 51. h6 Ra7 52. Re6 Kg8 53. Red6 Kf8 54. Kh4 Ke7 55. Rc6 Rb1 56. Re5+ Kf7 57. Rec5 Rh1+ 0-1

[Event "POL-chT3 0607"]
[Site "Poland"]
[Date "2007.02.04"]
[Round "7.32"]
[White "Sosnowski, Daniel Konrad"]
[Black "Chrapkowski, Grzegorz"]
[Result "1/2-1/2"]
[WhiteElo "2007"]
[BlackElo "2220"]
[PlyCount "41"]
[EventDate "2006.11.12"]
[EventType "team"]
[EventRounds "11"]
[EventCountry "POL"]
[SourceTitle "EXT 2009"]
[Source "ChessBase"]
[SourceDate "2008.11.26"]
[SourceVersion "1"]
[SourceVersionDate "2008.11.26"]
[SourceQuality "1"]

1. e4 c5 2. Nf3 Nc6 3. c3 d5 4. exd5 Qxd5 5. d4 e5 6. Nxe5 Nxe5 7. dxe5 Qxe5+ 8. Be3 Bd7 9. Qb3 Bc6 10. Bb5 Qc7 11. Nd2 Nf6 12. 0-0-0 Be7 13. Bxc6+ Qxc6 14. f3 0-0 15. Bg5 h6 16. Bh4 Nd5 17. Bxe7 Nxe7 18. Ne4 Rad8 19. Rxd8 Rxd8 20. Rd1 Rxd1+ 21. Qxd1 1/2-1/2

[Event "POL-chT3 0607"]
[Site "Poland"]
[Date "2007.01.14"]
[Round "5.27"]
[White "Grajczak, Adrian"]
[Black "Sosnowski, Daniel Konrad"]
[Result "1-0"]
[WhiteElo "2044"]
[BlackElo "2007"]
[PlyCount "89"]
[EventDate "2006.11.12"]
[EventType "team"]
[EventRounds "11"]
[EventCountry "POL"]
[SourceTitle "EXT 2009"]
[Source "ChessBase"]
[SourceDate "2008.11.26"]
[SourceVersion "1"]
[SourceVersionDate "2008.11.26"]
[SourceQuality "1"]

1. e4 e5 2. Nf3 Nf6 3. Nc3 Nc6 4. Bb5 Bc5 5. Nxe5 Nxe5 6. d4 Bxd4 7. Qxd4 Nc6 8. Qe3 0-0 9. 0-0 a6 10. Be2 d6 11. b3 Qe7 12. Bb2 Re8 13. Rae1 Nb4 14. Bd1 h6 15. Qg3 g6 16. f4 Kh7 17. e5 dxe5 18. fxe5 Nfd5 19. Ne4 Bf5 20. c4 Bxe4 21. Rxe4 Nb6 22. Qf4 Rf8 23. Bc1 Qg5 24. Qxg5 hxg5 25. Bxg5 Nd7 26. Rh4+ Kg8 27. Bg4 f5 28. exf6 Ne5 29. Be6+ Nf7 30. Bh6 Rfe8 31. Re1 Nxa2 32. Bg7 Rxe6 33. Rxe6 Rd8 34. Rhe4 Nd6 35. Rd4 b6 36. Re7 Rc8 37. Rg4 Nc1 38. Rxg6 Nf5 39. Bh6+ Kh8 40. Bxc1 Nxe7 41. fxe7 Kh7 42. Re6 Re8 43. Bg5 Kg7 44. Rc6 Rc8 45. Rxc7 1-0

[Event "POL-chT3 0607"]
[Site "Poland"]
[Date "2007.01.07"]
[Round "4.15"]
[White "Sosnowski, Daniel Konrad"]
[Black "Olszewski, Marek"]
[Result "0-1"]
[WhiteElo "2007"]
[BlackElo "2065"]
[PlyCount "42"]
[EventDate "2006.11.12"]
[EventType "team"]
[EventRounds "11"]
[EventCountry "POL"]
[SourceTitle "EXT 2009"]
[Source "ChessBase"]
[SourceDate "2008.11.26"]
[SourceVersion "1"]
[SourceVersionDate "2008.11.26"]
[SourceQuality "1"]

1. e4 Nc6 2. d4 d5 3. exd5 Qxd5 4. Be3 e5 5. Nc3 Bb4 6. a3 Bxc3+ 7. bxc3 Nf6 8. Nf3 Qa5 9. dxe5 Ng4 10. Bd4 0-0 11. Be2 Nxd4 12. Qxd4 c5 13. Qd1 Qxc3+ 14. Kf1 Bf5 15. h3 Nxe5 16. Nxe5 Qxe5 17. Bf3 Bxc2 18. Qc1 Rad8 19. Ra2 Be4 20. Be2 Qd5 21. f3 Qxa2 0-1

[Event "Bydgoszcz-Torun"]
[Site "Bydgoszcz"]
[Date "2006.12.03"]
[Round "?.8"]
[White "Jaroch, Karol"]
[Black "Sosnowski, Daniel Konrad"]
[Result "1-0"]
[WhiteElo "2114"]
[BlackElo "2007"]
[PlyCount "81"]
[EventDate "2006.12.03"]
[EventType "team-match"]
[EventRounds "1"]
[EventCountry "POL"]
[SourceTitle "EXT 2018"]
[Source "ChessBase"]
[SourceDate "2017.10.13"]
[SourceVersion "1"]
[SourceVersionDate "2017.10.13"]
[SourceQuality "1"]

1. e4 e5 2. Nf3 Nf6 3. Nc3 d6 4. d4 exd4 5. Nxd4 g6 6. Bg5 Bg7 7. Qd2 Nc6 8. Nde2 b5 9. Ng3 a6 10. 0-0-0 h6 11. Bf4 Bd7 12. f3 b4 13. Nce2 a5 14. Be3 a4 15. Nd4 Ne5 16. f4 Neg4 17. Bg1 h5 18. h3 h4 19. hxg4 hxg3 20. Rxh8+ Bxh8 21. Re1 Nxg4 22. e5 dxe5 23. Qxb4 Bf6 24. fxe5 Bg5+ 25. Kb1 Rb8 26. Qc3 Qe7 27. e6 fxe6 28. Nxe6 Bxe6 29. Qc6+ Kf7 30. Rxe6 Rxb2+ 31. Kxb2 Qb4+ 32. Ka1 Bf6+ 33. Rxf6+ Nxf6 34. Qc4+ Qxc4 35. Bxc4+ Ke7 36. Bd4 Ne4 37. Bd5 Nd2 38. Be5 c5 39. Bf4 Nf1 40. Bc4 Nh2 41. Be2 1-0

[Event "POL-chT3 0607"]
[Site "Poland"]
[Date "2006.11.19"]
[Round "2.22"]
[White "Jaroch, Pawel"]
[Black "Sosnowski, Daniel Konrad"]
[Result "0-1"]
[WhiteElo "2173"]
[BlackElo "2007"]
[PlyCount "74"]
[EventDate "2006.11.12"]
[EventType "team"]
[EventRounds "11"]
[EventCountry "POL"]
[SourceTitle "EXT 2009"]
[Source "ChessBase"]
[SourceDate "2008.11.26"]
[SourceVersion "1"]
[SourceVersionDate "2008.11.26"]
[SourceQuality "1"]

1. c4 b6 2. Nf3 Bb7 3. g3 e5 4. Bg2 Nf6 5. 0-0 e4 6. Ne1 d5 7. cxd5 Qxd5 8. Nc3 Qe6 9. d3 Nbd7 10. Nc2 c5 11. Bf4 Bc6 12. dxe4 Nxe4 13. Bxe4 Bxe4 14. Nb5 0-0-0 15. Nxa7+ Kb7 16. Nb5 Be7 17. Qc1 g5 18. Bd2 Ne5 19. f3 Bc6 20. a4 g4 21. Ne1 h5 22. Bf4 gxf3 23. exf3 Ng6 24. Ng2 c4 25. Re1 Qd5 26. Rf1 h4 27. Nc3 Qd3 28. Ne4 f5 29. Nf2 Qxf3 30. Ne1 Nxf4 31. Nxf3 Ne2+ 32. Kg2 Nxc1 33. Raxc1 Rd2 34. Rc3 Rxb2 35. Kg1 hxg3 36. hxg3 Bc5 37. Kg2 Re8 0-1

[Event "Torun O Pietruszke"]
[Site "Torun"]
[Date "2006.05.28"]
[Round "5"]
[White "Sosnowski, Daniel Konrad"]
[Black "Paprocki, Jaroslaw"]
[Result "0-1"]
[WhiteElo "1910"]
[BlackElo "2249"]
[PlyCount "52"]
[EventDate "2006.05.26"]
[EventType "tourn"]
[EventRounds "9"]
[EventCountry "POL"]
[SourceTitle "EXT 2007"]
[Source "ChessBase"]
[SourceDate "2006.11.23"]
[SourceVersion "1"]
[SourceVersionDate "2006.11.23"]
[SourceQuality "1"]

1. e4 e5 2. d4 exd4 3. c3 d5 4. e5 dxc3 5. Nxc3 d4 6. Bc4 Nc6 7. Bxf7+ Kxf7 8. Ne4 Bb4+ 9. Kf1 Nge7 10. Nf3 h6 11. a3 Qd5 12. Neg5+ hxg5 13. Nxg5+ Kg8 14. axb4 Nxe5 15. Ra5 b5 16. h4 Bb7 17. f3 Nf5 18. Kg1 d3 19. Rh3 Re8 20. Bd2 Nc4 21. Ne4 Nxa5 22. bxa5 Rxh4 23. Rxh4 Nxh4 24. Qe1 Qd4+ 25. Be3 Rxe4 26. fxe4 Qxe4 0-1

[Event "Torun-ch"]
[Site "Torun"]
[Date "2006.??.??"]
[Round "8"]
[White "Zielinski, Olgierd"]
[Black "Sosnowski, Daniel Konrad"]
[Result "0-1"]
[WhiteElo "1934"]
[BlackElo "1884"]
[PlyCount "67"]
[EventDate "2006.??.??"]
[EventType "swiss"]
[EventRounds "9"]
[EventCountry "POL"]
[SourceTitle "EXT 2007"]
[Source "ChessBase"]
[SourceDate "2006.11.23"]
[SourceVersion "1"]
[SourceVersionDate "2006.11.23"]
[SourceQuality "1"]

1. e4 d5 2. exd5 Nf6 3. Nc3 Nxd5 4. Bc4 Nxc3 5. Qf3 e6 6. Qxc3 a6 7. Nf3 Nd7 8. 0-0 Nf6 9. d4 b5 10. Bb3 Bb7 11. Bf4 Bd6 12. Be5 0-0 13. h3 Qe7 14. Rad1 Rfd8 15. Qe3 h6 16. c3 Rd7 17. Bc2 Rad8 18. Rfe1 Bxf3 19. Qxf3 Bxe5 20. dxe5 Rxd1 21. Rxd1 Rxd1+ 22. Qxd1 Nd5 23. Qd3 g6 24. g3 Qg5 25. b3 Qxe5 26. c4 Nb4 27. Qd8+ Kg7 28. Bd3 Nxa2 29. cxb5 axb5 30. Qd7 Nc3 31. Qc6 b4 32. Qf3 c5 33. h4 Qd5 34. Qf4 0-1